| 000 | 00511nam a2200181Ia 4500 | ||
|---|---|---|---|
| 008 | 140925s9999 xx 000 0 und d | ||
| 020 | _a1925-4059 | ||
| 245 |
_aJournal of Nursing Education and Practice / _h[electronic resource] |
||
| 260 |
_bSciedu Press, _cc2014. |
||
| 516 | _aElectronic text | ||
| 650 | _aJournal. | ||
| 650 | _aNursing. | ||
| 650 | _aPractice. | ||
| 830 | _aSciedu Press | ||
| 856 | _uhttp://www.sciedu.ca/journal/index.php/jnep/issue/current | ||
| 942 | _cEJ | ||
| 999 |
_c275684 _d275684 |
||